000
00426cam a2200181ua 4500
041
_a
eng
_h
082
_a
822
_b
SHA/JU
100
_a
Shakespeare, William.
245
_a
Julius Ceasar /
_c
William Shakespeare.
_h
Textual Documents
260
_a
London :
_b
Longman ,
_c
1959.
300
_a
271 ; .
504
_a
942
_c
BK
999
_c
499
_d
499